000 00835nam a22002177a 4500
005 20170614123038.0
010 _aBAC-EN21
020 _a9789380607498
_c695.00
035 _aB-582557-579
035 _aB-664727
037 _adpl
_bBSB/Ven
082 _a782.4215990954
100 _aBhattacharya, Sabyasachi
245 _aVande Mataram/
_cby Sabyasachi Bhattacharya
_bthe biography of a song/
260 _aDelhi
_bPrimus Books
_c2013
270 _aVirat Bhavan Mukherjee Nagar Commercial Complex
_bDelhi
_e110009
300 _a131p.
_c23cm(Hb)
942 _2ddc
_cEN
_h782.4215990954
_mBHA
999 _c89465
_d89465